000 00747nas a2200253 i 4500
001 1664
003 ES-MaACL
005 20250827235438.0
007 t|
008 950801d19161922sp | | 1 ||pa d
022 _a2480-1283
245 0 0 _aPolytechnicum
_b: medicina, ciencias, cultura general /
_cdir. José Pérez Mateos.
260 _aMurcia :
_b[Polytechnicum],
_c1916-1922.
300 _a3 v. :
_bgrab. ;
_c30 cm.
310 _aMensual
362 0 _aT. I (1916)-(1922)
650 1 4 _aIndustrias y profesiones varias
_913745
650 0 7 _aMedicina
_2embne
_914891
650 0 7 _aHumanidades
_2embne
_913498
700 1 _aPérez Mateos, José,
_edir.
_9194274
852 _aES-MaACL
_jHem-316
866 0 _o1920-22
999 _c1664
_d1664